000 00800cam a22002174a 4500
020 _a9780896291799 (alk. paper)
020 _a0896291790 (alk. paper)
040 _cDLC
082 0 0 _a338 INT 2010 C145 Or.
245 0 0 _aFrom the ground up :
_bimpacts of a pro-poor community-driven development project in Nigeria /
246 3 0 _aImpacts of a pro-poor community-driven development project in Nigeria
260 _aWashington, D.C. :
_bInternational Food Policy Research Institute,
_c2010.
300 _axiv, 77 p. :
_bill., map ;
_c23 cm.
490 1 _aIFPRI research monograph
650 0 _aAgricultural development projects
650 0 _aEconomic development
650 0 _aPoverty
700 1 _aNkonya, Ephraim.
710 2 _aInternational Food Policy Research Institute.
942 _cAEDBB
999 _c18428
_d18428